BIBLIOTECA

SENCICO

Desapegarse sin anestesia : (Registro nro. 2650)

Detalles MARC
000 -LEADER
fixed length control field 01749nam a2200277Ia 4500
003 - CONTROL NUMBER IDENTIFIER
control field PE SENCICO BE
005 - DATE AND TIME OF LATEST TRANSACTION
control field 20251020182549.0
008 - FIXED-LENGTH DATA ELEMENTS--GENERAL INFORMATION
fixed length control field 200515s9999 xx 000 0 und d
020 ## - INTERNATIONAL STANDARD BOOK NUMBER
International Standard Book Number 978-612-4070-95-2
040 ## - CATALOGING SOURCE
Original cataloging agency PE SENCICO BE
Transcribing agency PE SENCICO BE
041 ## - LANGUAGE CODE
Language code of text/sound track or separate title spa
082 ## - DEWEY DECIMAL CLASSIFICATION NUMBER
Classification number 152.4
Item number R66
100 1# - MAIN ENTRY--PERSONAL NAME
Personal name Riso, Walter
9 (RLIN) 1555
Relator term autor
245 10 - TITLE STATEMENT
Title Desapegarse sin anestesia :
Remainder of title como soltarse de todo aquello que nos quita energía y bienestar /
Statement of responsibility, etc. Walter Riso
260 ## - PUBLICATION, DISTRIBUTION, ETC.
Place of publication, distribution, etc. Lima :
Name of publisher, distributor, etc. Planeta chilena,
Date of publication, distribution, etc. 2012
300 ## - PHYSICAL DESCRIPTION
Extent 127 páginas :
Dimensions 23 cm.
504 ## - BIBLIOGRAPHY, ETC. NOTE
Bibliography, etc. note Bibliografía: p. 117-126.
505 0# - FORMATTED CONTENTS NOTE
Formatted contents note Despejando el camino conceptual. Apego y desapego: aclaraciones y malos entendidos -- Como identificar el apego y no dejarse vencer en él. El apego esclaviza y quita libertad interior -- El apego siempre va enganchando a un deseo insaciable -- No hay apego sin temor a perderlo -- Si te apegas, ya no sabrás quien eres -- El apego es posesión exacerbada -- El apego reduce tu capacidad de disfrute a la mínima expresión -- ¿Por que nos apegamos? tres puertas que conducen el apego -- La debilidad por el placer (primera puerta) -- Buscar señales de seguridad en lugar de resolver los déficits personales (segunda puerta) -- La compulsión por "querer ser mas" (tercera puerta) -- Pequeñas lecciones para grandes dependencias -- ¿A que nos apegamos?
520 3# - SUMMARY, ETC.
Summary, etc. Presenta una obra de autoayuda en la que nos invita fortalecer la independencia emocional para encontrar nuestro verdadero camino en la vida.
650 10 - SUBJECT ADDED ENTRY--TOPICAL TERM
Topical term or geographic name entry element Emociones
9 (RLIN) 1556
650 20 - SUBJECT ADDED ENTRY--TOPICAL TERM
Topical term or geographic name entry element Bienestar
9 (RLIN) 1557
650 20 - SUBJECT ADDED ENTRY--TOPICAL TERM
Topical term or geographic name entry element Autorrealización (Psicología)
9 (RLIN) 1496
650 20 - SUBJECT ADDED ENTRY--TOPICAL TERM
Topical term or geographic name entry element Conducta dependiente
9 (RLIN) 1558
650 20 - SUBJECT ADDED ENTRY--TOPICAL TERM
Topical term or geographic name entry element Trastornos de apego
9 (RLIN) 1559
942 ## - ADDED ENTRY ELEMENTS (KOHA)
Koha item type Libros
Source of classification or shelving scheme Dewey Decimal Classification
Existencias
Fecha de la última vez que lo usaron Número de ingreso o de inventario Pago total Signatura topográfica completa Código de barras Precio efectivo desde Tipo de documento Estado perdido Sistema de clasificación Estado dañado No es para préstamo Retirado Ubicación permanente Ubicación actual Fecha de adquisición Fuente de adquisición
13/09/2023 16688   152.4/R66 BibLima24060030 13/09/2023 Libros   Dewey Decimal Classification       Biblioteca Central Lima Biblioteca Central Lima 08/09/2023 Donado por el Lic. Henry Chavez Sanchez